header

Tales from a not-so-happy birthday / (Record no. 262911)

MARC details
000 -LEADER
fixed length control field 00652nam a22002057a 4500
003 - CONTROL NUMBER IDENTIFIER
control field OSt
005 - DATE AND TIME OF LATEST TRANSACTION
control field 20240219125817.0
008 - FIXED-LENGTH DATA ELEMENTS--GENERAL INFORMATION
fixed length control field 240219b xxu||||| |||| 00| 0 eng d
010 ## - LIBRARY OF CONGRESS CONTROL NUMBER
LC control number 2018939200
020 ## - INTERNATIONAL STANDARD BOOK NUMBER
International Standard Book Number 1534426388 (hbk.)
International Standard Book Number 9781534426382 (hbk.)
040 ## - CATALOGING SOURCE
Transcribing agency DLC
050 ## - LIBRARY OF CONGRESS CALL NUMBER
Classification number PZ7
Item number .R915935 2018
100 ## - MAIN ENTRY--PERSONAL NAME
Personal name Russell, Rachel Renée,
Relator term author.
245 ## - TITLE STATEMENT
Title Tales from a not-so-happy birthday /
Statement of responsibility, etc Rachel Renée Russell ; with Nikki Russell and Erin Russell.
250 ## - EDITION STATEMENT
Edition statement First Aladdin hardcover edition.
260 ## - PUBLICATION, DISTRIBUTION, ETC. (IMPRINT)
Place of publication, distribution, etc New York :
Name of publisher, distributor, etc Aladdin,
Date of publication, distribution, etc 2018.
300 ## - PHYSICAL DESCRIPTION
Extent 295 pages :
Other physical details illustrations ;
Dimensions 21 cm.
942 ## - ADDED ENTRY ELEMENTS (KOHA)
Source of classification or shelving scheme Library of Congress Classification
Koha item type Long Loan Books
Holdings
Withdrawn status Lost status Source of classification or shelving scheme Damaged status Not for loan Collection code Home library Current library Shelving location Date acquired Total Checkouts Full call number Barcode Date last seen Date checked out Price effective from Koha item type
    Library of Congress Classification     Fiction Rongo University Library Rongo University Library Children's Area 19/02/2024 1 PZ7 .R915935 2018 CL20233191 12/07/2024 05/07/2024 19/02/2024 Long Loan Books

© 2026 Rongo University
Contact us: librarian | system librarian | Rongo university